Strength of Materials (Record no. 6164)

000 -LEADER
fixed length control field 00468nam a22001937a 4500
001 - CONTROL NUMBER
control field 6164
003 - CONTROL NUMBER IDENTIFIER
control field BD-DhUET
008 - FIXED-LENGTH DATA ELEMENTS--GENERAL INFORMATION
fixed length control field 141130b xxu||||| |||| 00| 0 eng d
040 ## - CATALOGING SOURCE
Original cataloging agency DLC
Transcribing agency DLC
Modifying agency BD-DhUET
082 ## - DEWEY DECIMAL CLASSIFICATION NUMBER
Classification number 620.11
Item number KHU/1984
100 ## - MAIN ENTRY--PERSONAL NAME
Personal name Khurmi, R. S.
245 ## - TITLE STATEMENT
Title Strength of Materials
250 ## - EDITION STATEMENT
Edition statement 14th ed.
260 ## - PUBLICATION, DISTRIBUTION, ETC. (IMPRINT)
Place of publication, distribution, etc. New Delhi
Name of publisher, distributor, etc. S. Chand
Date of publication, distribution, etc. 1984
300 ## - PHYSICAL DESCRIPTION
Extent vi, 991 p.
Other physical details ill.
650 #0 - SUBJECT ADDED ENTRY--TOPICAL TERM
Topical term or geographic name as entry element Strength of materials
700 ## - ADDED ENTRY--PERSONAL NAME
Personal name Lal, Jagdish
942 ## - ADDED ENTRY ELEMENTS (KOHA)
Koha item type General Book
Holdings
Piece designation (barcode) Sublocation or collection (holding branch) Date acquired Withdrawn status Lost status Koha normalized classification for sorting Copy number Koha full call number Source of classification or shelving scheme Not for loan Price effective from Location (home branch) Damaged status Koha date last seen Shelving location Koha item type
58300Central Library, BUET2014-11-30  620_110000000000000_KHU_19841620.11/KHU/1984  2014-11-30Central Library, BUET 2014-11-30Circulation sectionGeneral Book
58299Central Library, BUET2014-12-04  620_110000000000000_KHU_19842620.11/KHU/1984  2014-12-04Central Library, BUET 2014-12-04Circulation sectionGeneral Book
58304Central Library, BUET2014-12-04  620_110000000000000_KHU_19843620.11/KHU/1984  2014-12-04Central Library, BUET 2017-01-25Circulation sectionGeneral Book
58293Central Library, BUET2014-12-06  620_110000000000000_KHU_19844620.11/KHU/1984  2014-12-06Central Library, BUET 2014-12-06Circulation sectionGeneral Book
39805Central Library, BUET2014-12-06  620_110000000000000_KHU_19845620.11/KHU/1984  2014-12-06Central Library, BUET 2014-12-06Circulation sectionGeneral Book
58305Central Library, BUET2015-04-30  620_110000000000000_KHU_19846620.11/KHU/1984  2015-04-30Central Library, BUET 2015-04-30Circulation sectionGeneral Book
58303Central Library, BUET2015-04-30  620_110000000000000_KHU_19847620.11/KHU/1984  2015-04-30Central Library, BUET 2015-04-30Circulation sectionGeneral Book
58306Central Library, BUET2015-06-20  620_110000000000000_KHU_19848620.11/KHU/1984  2015-06-20Central Library, BUET 2015-06-20Reading sectionReading Item
58297Central Library, BUET2015-06-28  620_110000000000000_KHU_198411620.11/KHU/1984  2015-06-28Central Library, BUET 2015-06-28Reading sectionReading Item
58298Central Library, BUET2015-06-28  620_110000000000000_KHU_198410620.11/KHU/1984  2015-06-28Central Library, BUET 2015-06-28Reading sectionReading Item
58301Central Library, BUET2015-06-28  620_110000000000000_KHU_198411620.11/KHU/1984  2015-06-28Central Library, BUET 2015-06-28Reading sectionReading Item
58296Central Library, BUET2015-06-30  620_110000000000000_KHU_198412620.11/KHU/1984  2015-06-30Central Library, BUET 2015-06-30Reading sectionReading Item
58295Central Library, BUET2015-06-30  620_110000000000000_KHU_198413620.11/KHU/1984  2015-06-30Central Library, BUET 2015-06-30Reading sectionReading Item
58302Central Library, BUET2015-07-02  620_110000000000000_KHU_198414620.11/KHU/1984  2015-07-02Central Library, BUET 2015-07-02Reading sectionReading Item